|
|
|
|
| LEADER |
00000nam0a2200000 4500 |
| 001 |
213695 |
| 005 |
20231101225832.0 |
| 035 |
|
|
|a (RuTPU)RU\TPU\book\233513
|
| 090 |
|
|
|a 213695
|
| 100 |
|
|
|a 20120416d1967 m y0rusy50 ca
|
| 101 |
0 |
|
|a rus
|
| 102 |
|
|
|a RU
|
| 105 |
|
|
|a a z 000zy
|
| 200 |
1 |
|
|a Есть ли чудеса в природе
|f В. А. Мезенцев
|
| 210 |
|
|
|a Москва
|c Московский рабочий
|d 1967
|
| 215 |
|
|
|a 240 с.
|c ил.
|
| 606 |
1 |
|
|a Неразгаданные явления природы
|2 stltpush
|3 (RuTPU)RU\TPU\subj\38902
|9 59148
|
| 610 |
1 |
|
|a природа
|
| 610 |
1 |
|
|a загадочные явления
|
| 610 |
1 |
|
|a таинственные явления
|
| 610 |
1 |
|
|a природные явления
|
| 610 |
1 |
|
|a научные объяснения
|
| 610 |
1 |
|
|a причины
|
| 610 |
1 |
|
|a Солнце
|
| 610 |
1 |
|
|a Луна
|
| 610 |
1 |
|
|a звезды
|
| 610 |
1 |
|
|a Тунгусский феномен
|
| 610 |
1 |
|
|a атмосферная пыль
|
| 610 |
1 |
|
|a поющие камни
|
| 610 |
1 |
|
|a морской смерч
|
| 610 |
1 |
|
|a шаровые молнии
|
| 610 |
1 |
|
|a Всемирный потоп
|
| 610 |
1 |
|
|a радуга
|
| 610 |
1 |
|
|a земные тайны
|
| 610 |
1 |
|
|a подземные тайны
|
| 610 |
1 |
|
|a реки
|
| 610 |
1 |
|
|a серебряная вода
|
| 610 |
1 |
|
|a блуждающие огни
|
| 610 |
1 |
|
|a фосфор
|
| 610 |
1 |
|
|a вулканы
|
| 610 |
1 |
|
|a вымершие животные
|
| 610 |
1 |
|
|a происхождение народов
|
| 610 |
1 |
|
|a вещие сны
|
| 610 |
1 |
|
|a гипноз
|
| 610 |
1 |
|
|a сновидения
|
| 610 |
1 |
|
|a человеческая душа
|
| 610 |
1 |
|
|a холодный свет
|
| 675 |
|
|
|a 5:001.19
|v 3
|
| 700 |
|
1 |
|a Мезенцев
|b В. А.
|g Владимир Андреевич
|
| 801 |
|
1 |
|a RU
|b 63413507
|c 20120416
|
| 801 |
|
2 |
|a RU
|b 63413507
|c 20200825
|g RCR
|
| 942 |
|
|
|c BK
|